| 000 | 00723nam a2200253 a 4500 | ||
|---|---|---|---|
| 001 | 66349 | ||
| 003 | BD-RjUL | ||
| 005 | 20211209081528.0 | ||
| 008 | 170315s1967 enkaf b 001 0 eng | ||
| 035 | _a(BD-RjUL)66479 | ||
| 040 |
_aDLC _cDLC _dBD-RjUL _beng |
||
| 041 | _aeng | ||
| 082 | 0 | 0 |
_a579.5 _223 _bSTB 1967 |
| 100 | 1 |
_aStevenson, Greta. _9196360 |
|
| 245 | 1 | 4 |
_aThe biology of fungi, bacteria and viruses / _cGreta Stevenson, |
| 260 |
_aLondon : _bEdward Arnold, _cc1967 |
||
| 300 |
_axiii, 202 p. : _bill, ; _c22 cm. |
||
| 490 | 0 | _aContemporary biology | |
| 500 | _aInclude index | ||
| 504 | _aBibliography: p. [185]-187. | ||
| 650 | 0 |
_aMicrobiology. _9171527 |
|
| 650 | 0 |
_aFungi, _9195127 |
|
| 942 |
_2ddc _cBK |
||
| 999 |
_c66349 _d66349 |
||